| 000 | 00502 a2200145 4500 | ||
|---|---|---|---|
| 020 | _a1905209010 | ||
| 020 | _a9781905209019 | ||
| 082 | _a624.171 BAL | ||
| 245 |
_aStructural health monitoring / _cedited by Daniel Balageas, Claus-Peter Fritzen and Alfredo Güemes. |
||
| 260 |
_aLondon ; _aNewport Beach, CA : _bISTE, _c2006. |
||
| 300 |
_a495 p. : _bill. ; _c25 cm. |
||
| 650 | _aStructural health monitoring. | ||
| 650 | _aStructural analysis (Engineering) | ||
| 650 | _aAutomatic data collection systems. | ||
| 650 | _aDetectors. | ||
| 999 |
_c1232 _d1232 |
||